Statistics for Savatage albums

Click here to take the quiz!

General Stats

  • This quiz has been taken 22 times
  • The average score is 10 of 11

Answer Stats

YearAlbum% Correct
1989Gutter Ballet
100%
1987Hall of the Mountain King
100%
1994Handful of Rain
92%
1983Sirens
92%
1991Streets: A Rock Opera
92%
1995Dead Winter Dead
85%
1986Fight for the Rock
85%
1985Power of the Night
85%
1997The Wake of Magellan
85%
1993Edge of Thorns
77%
2001Poets and Madmen
77%

Score Distribution

Percentile by Number Answered

Percent of People with Each Score

Your Score History

You have not taken this quiz